Jeddah' s comprehensive business directory 2012 - 2013.
| Format: | Book |
|---|---|
| Published: |
Jeddah:
Jeddah Chamber of Commerce & Industry,
2012.
|
| Edition: | 32nd ed. |
| Subjects: |
| LEADER | 00486cam a2200145 7i4500 | ||
|---|---|---|---|
| 001 | 0000029474 | ||
| 005 | 20130508090000.0 | ||
| 090 | 0 | 0 | |a SAUD 338.7025 |b JED |
| 245 | 0 | 0 | |a Jeddah' s comprehensive business directory 2012 - 2013. |
| 250 | 0 | 0 | |a 32nd ed. |
| 260 | 0 | 0 | |a Jeddah: |b Jeddah Chamber of Commerce & Industry, |c 2012. |
| 300 | # | # | |a 728 p. |
| 650 | 0 | 0 | |a Business -- |x Directories -- |z Jeddah, Saudi Arabia |
| 651 | 0 | 0 | |a Saudi Arabia |
| 999 | |a 0000032302 |b Directories |c Countries |e Business Information Centre | ||